000 00342nam a2200133Ia 4500
008 220204s9999 xx 000 0 und d
082 _a347.91/.95
_bPAV
100 _aPAVITHRAN, A K
245 0 _aCivil procedure code
260 _aBombay
_bOrient Longman
_c1974
650 _aCivil procedure code
700 _aVENKATARAMAN, S
942 _cBK
999 _c28071
_d28071